000 00771nam a2200241 a 4500
001 000022184
005 20200930011623.0
008 100917s1998 mx r 000 f spa d
020 _a9681904850
040 _aDO-SdBNP
_cBNPHU
082 _a843.92
_bB328a
100 1 _aBataille, Christophe,
_d1971-
_945900
240 1 0 _aAnnam.
_lEspañol.
245 1 0 _aAnnam /
_cChristophe Bataille ; traducción de Alberto Ruy Sánchez.
260 _aMéxico :
_bAlfaguara,
_c1998.
300 _a76, [1] P. ;
_c22 cm.
500 _aIncluye datos biográficos del autor en la solapa.
534 _aTítulo original:
_tAnnam
650 4 _aNovela francesa
_91075
650 4 _aLiteratura francesa
_ySIGLO XXI
_945901
700 1 _aRuy Sánchez, Alberto
_etr.
_945902
049 _aBNGR
999 _c21682
_d21682